000 00255nam a2200109Ia 4500
008 190216s9999||||xx |||||||||||||| ||und||
100 _aSharma
245 0 _aIndia People And Economy Class
260 _bNcrt - Newdelhi
_c2003
300 _a179
942 _cBK
999 _c20916
_d20916